Petróleo y comunidades indígenas: extractivismo confictos y desarticulación social /
El presente artículo pretende analizar la actividad extractivista en el marco de la globalización, utilizando como ejemplo el proceso desarrollado dentro de las cabeceras de los ríos Villano y Curaray, en Ecuador. Le experiencia permite abordar tres elementos de suma importancia: 1) el patrón de acu...
Enregistré dans:
| Auteur principal: | |
|---|---|
| Format: | Texte |
| Sujets: | |
| Tags: |
Ajouter un tag
Pas de tags, Soyez le premier à ajouter un tag!
|
MARC
| LEADER | 00000 a a2200000 04500 | ||
|---|---|---|---|
| 001 | 45156 | ||
| 003 | |||
| 040 | |||
| 020 | |a 9978-22-443-2 | ||
| 090 | |a 01.02.01 K84e | ||
| 100 | |a Ortiz Tirado, Pablo | ||
| 245 | |a Petróleo y comunidades indígenas: |b extractivismo confictos y desarticulación social / |c Pablo Ortiz Tirado | ||
| 520 | |a El presente artículo pretende analizar la actividad extractivista en el marco de la globalización, utilizando como ejemplo el proceso desarrollado dentro de las cabeceras de los ríos Villano y Curaray, en Ecuador. Le experiencia permite abordar tres elementos de suma importancia: 1) el patrón de acumulación que favorece al complejo dentro del cual operan los capitales (especialmente transnacionales), 2) el creciente empobrecimiento de las regiones donde actúan esos capitales y 3) la incapacidad del Estado para detener la ruptura de la sociedad y el medio ambiente. | ||
| 590 | |a RRH/FEBRERO2014 | ||
| 650 | |a 1. EXPLORACION PETROLERA | ||
| 650 | |a 2. MEDIO AMBIENTE | ||
| 650 | |a 3. DESARROLLO ECONOMICO Y SOCIAL | ||
| 650 | |a 4. PETROLEO | ||
| 650 | |a 5. POBLACION INDIGENA | ||
| 650 | |a 6. ESTADO | ||
| 650 | |a 7. ECUADOR | ||
| 773 | |g páginas 16-78 | ||
| 999 | |c 26388 |d 26388 | ||



